[Event "ICS rated blitz match"]
[Site "204.178.125.65"]
[Date "2000.11.16"]
[Round "?"]
[White "Hossa"]
[Black "Pi"]
[Result "0-1"]
[WhiteElo "2527"]
[BlackElo "2819"]
[PlyCount "172"]
[EventDate "2000.??.??"]

1. e4 e5 2. Nf3 Nc6 3. Bb5 a6 4. Ba4 Nf6 5. O-O Be7 6. Re1 b5 7. Bb3 d6 8. c3
O-O 9. h3 Na5 10. Bc2 c5 11. d4 Qc7 12. Nbd2 cxd4 13. cxd4 Nc6 14. Nb3 a5 15.
Be3 a4 16. Nbd2 Bd7 17. Rc1 Rfc8 18. a3 Qb7 19. d5 Na5 20. Qe2 b4 21. Ng5 bxa3
22. bxa3 Nb3 23. Nxb3 axb3 24. Bd3 h6 25. Nf3 Rxa3 26. Rb1 Qb4 27. Qb2 Rb8 28.
Nd2 Ba4 29. Ra1 Rxa1 30. Rxa1 Rc8 31. Rc1 Rxc1+ 32. Qxc1 b2 33. Qc4 Qa5 34.
Qc8+ Bf8 35. Bb1 Bb5 36. Bc2 Ba6 37. Qc6 Bb5 38. Qc8 Ne8 39. Qb7 f6 40. Qb8 Nc7
41. Nb1 Na6 42. Qc8 Qe1+ 43. Kh2 Qc1 44. Qe6+ Kh7 45. Qf5+ g6 46. Qc8 Bg7 47.
Qc3 Be2 48. Qd2 Nb4 49. Qxb4 Qxc2 50. Na3 Qc1 51. Qb3 Qa1 52. Bd2 Bc4 53. Qb4
Qxa3 54. Qxa3 b1=Q 55. f3 Qc2 56. Qc3 Qxc3 57. Bxc3 f5 58. Kg3 Bd3 59. Bb4 Bf8
60. Kf2 fxe4 61. Ke3 exf3 62. gxf3 Bc4 63. Ke4 g5 64. Bd2 Be7 65. Bc3 Bf1 66.
Ke3 Bxh3 67. Kf2 Bf5 68. Ke3 h5 69. Bd2 Kg6 70. Be1 Bc2 71. Bf2 Kf5 72. Be1 Bb3
73. Bd2 Bd8 74. Bb4 Bb6+ 75. Ke2 h4 76. Be1 Bxd5 77. Bf2 Bxf2 78. Kxf2 e4 79.
f4 g4 80. Ke3 g3 81. Kd4 g2 82. Ke3 g1=Q+ 83. Kd2 e3+ 84. Kc3 Qb1 85. Kd4 Qc1
86. Kxd5 Qc5# {Hossa checkmated} 0-1

[Event "ICS rated bullet match"]
[Site "204.178.125.65"]
[Date "2000.11.16"]
[Round "?"]
[White "Hossa"]
[Black "Pi"]
[Result "0-1"]
[WhiteElo "2563"]
[BlackElo "2771"]
[PlyCount "118"]
[EventDate "2000.??.??"]

1. e4 e5 2. Nf3 Nc6 3. Bb5 a6 4. Ba4 Nf6 5. O-O Be7 6. Re1 b5 7. Bb3 d6 8. c3
O-O 9. h3 Na5 10. Bc2 c5 11. d4 Qc7 12. Nbd2 cxd4 13. cxd4 Nc6 14. d5 Nb4 15.
Bb1 a5 16. Nf1 Na6 17. Re3 Bd7 18. Rc3 Nc5 19. Ng3 b4 20. Rc2 Qd8 21. Rxc5 dxc5
22. Nxe5 Bd6 23. Nxd7 Qxd7 24. Nf5 a4 25. Nxd6 Qxd6 26. a3 b3 27. Bd2 Nd7 28.
Qc1 f5 29. Bf4 Ne5 30. Qc3 Rae8 31. Bg3 f4 32. Bh2 c4 33. Kf1 Re7 34. f3 Qf6
35. Bg1 Rc8 36. Bd4 Qd6 37. Qb4 Qd7 38. Kg1 Ree8 39. Qd2 Qf7 40. Kh1 Qf6 41.
Qc3 Rcd8 42. Qa5 Ra8 43. Qb4 Qa6 44. Qd2 Qf6 45. Kg1 Rad8 46. Qc3 Rd7 47. h4
Rd6 48. Bxe5 Qxe5 49. Qd2 Rh6 50. Qf2 c3 51. Bd3 c2 52. Bb5 Qxb2 53. Qe1 Qd4+
54. Kf1 b2 55. Ra2 Rxh4 56. g3 c1=Q 57. Rxb2 Rh1+ 58. Kg2 Qg1+ 59. Qxg1 Qxg1# {
Hossa checkmated} 0-1

[Event "ICS rated blitz match"]
[Site "204.178.125.65"]
[Date "2000.11.16"]
[Round "?"]
[White "Hossa"]
[Black "Amateur"]
[Result "0-1"]
[WhiteElo "2527"]
[BlackElo "2564"]
[PlyCount "118"]
[EventDate "2000.??.??"]

1. e4 c6 2. c4 d5 3. cxd5 cxd5 4. exd5 Nf6 5. Nc3 Nxd5 6. Nf3 Nc6 7. d4 Bg4 8.
Be2 Nxc3 9. bxc3 e6 10. Qb3 Rb8 11. O-O Bd6 12. Re1 O-O 13. Nd2 Na5 14. Qc2 Qh4
15. Bxg4 Qxg4 16. Ne4 Bc7 17. Ng5 Qh5 18. f4 Bd6 19. Re3 Qg6 20. Qxg6 hxg6 21.
Rg3 Rfc8 22. Ne4 Be7 23. Nd2 b5 24. a4 b4 25. Bb2 b3 26. Rf3 Nc4 27. Nxc4 Rxc4
28. a5 Rb5 29. g3 g5 30. fxg5 Rxg5 31. a6 Rd5 32. h3 f5 33. Re1 Kf7 34. Ra1 Bd6
35. Kg2 Kg6 36. Re1 e5 37. Rf2 Ra5 38. Rfe2 exd4 39. Re6+ Kh7 40. cxd4 Rc2+ 41.
R6e2 Rxe2+ 42. Rxe2 Rxa6 43. Kf3 Ra2 44. d5 a5 45. g4 a4 46. Re6 Rxb2 47. Rxd6
a3 48. Ra6 fxg4+ 49. hxg4 a2 50. Ra8 Rd2 51. Ra3 b2 52. Rxa2 Rd3+ 53. Ke4 b1=Q
54. Rb2 Qd1 55. Rf2 Qb3 56. Rf5 Kg6 57. g5 Qc4+ 58. Ke5 Qxd5+ 59. Kf4 Qd4# {
Hossa checkmated} 0-1

[Event "ICS rated blitz match"]
[Site "204.178.125.65"]
[Date "2000.11.16"]
[Round "?"]
[White "Amateur"]
[Black "Hossa"]
[Result "1/2-1/2"]
[WhiteElo "2578"]
[BlackElo "2513"]
[PlyCount "198"]
[EventDate "2000.??.??"]

1. e4 e5 2. Nf3 Nc6 3. Bb5 a6 4. Ba4 Nf6 5. O-O Be7 6. Re1 b5 7. Bb3 d6 8. c3
O-O 9. d4 Bg4 10. d5 Na5 11. Bc2 c6 12. h3 Bc8 13. dxc6 Qc7 14. Nbd2 Qxc6 15.
Nf1 Nc4 16. Ng3 Re8 17. b3 Nb6 18. Qd3 Nbd7 19. Bb2 Nc5 20. Qe3 Be6 21. Rad1 a5
22. Ng5 a4 23. b4 a3 24. Bc1 Na4 25. Nxe6 fxe6 26. Rd3 Nb6 27. Qf3 Rf8 28. Bb3
Nc4 29. Bd2 Rf7 30. Bg5 Nd7 31. Qg4 Bxg5 32. Qxg5 Ndb6 33. Nh5 Raf8 34. Rg3 Qd7
35. Rf1 d5 36. exd5 exd5 37. Rg4 Qc7 38. f3 Na4 39. Bxa4 bxa4 40. Kh1 Qd7 41.
Re1 Qa7 42. Re2 Qc7 43. f4 g6 44. Qh6 Rf5 45. Rg5 Rxg5 46. Qxg5 Qf7 47. Rf2 h6
48. Qxh6 gxh5 49. fxe5 Qg7 50. Qe6+ Kh7 51. Rxf8 Qxf8 52. Qxd5 Qf1+ 53. Kh2
Qf4+ 54. Kh1 Nxe5 55. c4 h4 56. c5 Ng6 57. Qd7+ Kh6 58. c6 Qf1+ 59. Kh2 Qb5 60.
Qd6 Qc4 61. c7 Qc3 62. b5 Kh5 63. b6 Ne5 64. Qd1+ Kh6 65. Qe2 Qg3+ 66. Kh1 Qc3
67. Qf1 Kg5 68. Qd1 Kf4 69. b7 Qxc7 70. Qb1 Nd7 71. Qb4+ Kf5 72. Qg4+ Kf6 73.
Qxd7 Qxd7 74. b8=Q Qd2 75. Qf8+ Kg5 76. Qxa3 Qe1+ 77. Kh2 Qe5+ 78. g3 Qxg3+ 79.
Qxg3+ hxg3+ 80. Kxg3 a3 81. Kf3 Kh4 82. Kg2 Kg5 83. Kg3 Kf6 84. Kf4 Kg6 85. Ke3
Kh5 86. Kd4 Kh4 87. Kc5 Kxh3 88. Kb4 Kg4 89. Kxa3 Kf5 90. Kb4 Ke6 91. Kc5 Kd7
92. Kb6 Kc8 93. Ka7 Kc7 94. a3 Kc8 95. a4 Kc7 96. a5 Kc8 97. a6 Kc7 98. Ka8 Kc8
99. a7 Kc7 {Amateur stalemated} 1/2-1/2

[Event "ICS rated blitz match"]
[Site "204.178.125.65"]
[Date "2000.11.16"]
[Round "?"]
[White "Hossa"]
[Black "CosmicJoke"]
[Result "1/2-1/2"]
[WhiteElo "2516"]
[BlackElo "2734"]
[PlyCount "69"]
[EventDate "2000.??.??"]

1. e4 c5 2. c3 e6 3. d4 d5 4. e5 Nc6 5. Nf3 Bd7 6. a3 f6 7. Bd3 Qb6 8. O-O cxd4
9. cxd4 fxe5 10. dxe5 Nh6 11. Nc3 Nf7 12. Bf4 Be7 13. Qd2 g5 14. Nxg5 Bxg5 15.
Bxg5 Rg8 16. Bf6 Ncxe5 17. Be2 d4 18. Ne4 Bc6 19. Ng3 Rg6 20. Bxe5 Nxe5 21. Bh5
O-O-O 22. Rfe1 Rd5 23. Bxg6 hxg6 24. Ne4 d3 25. Nc3 Qb3 26. Nxd5 Qxd5 27. f3
Nxf3+ 28. gxf3 Qxf3 29. Rf1 Qg4+ 30. Kf2 Qh4+ 31. Ke3 Qe4+ 32. Kf2 Qh4+ 33. Ke3
Qe4+ 34. Kf2 Qh4+ 35. Ke3 {Game drawn by repetition} 1/2-1/2

[Event "ICS rated bullet match"]
[Site "204.178.125.65"]
[Date "2000.11.16"]
[Round "?"]
[White "Akib"]
[Black "Hossa"]
[Result "0-1"]
[WhiteElo "2057"]
[BlackElo "2556"]
[PlyCount "76"]
[EventDate "2000.??.??"]

1. e4 e5 2. Nf3 Nc6 3. d4 exd4 4. Nxd4 Bc5 5. Nxc6 Qf6 6. Qd2 dxc6 7. Nc3 Be6
8. Na4 Bd6 9. Bd3 O-O-O 10. O-O Qe5 11. g3 Bh3 12. Re1 Kb8 13. Nc3 h6 14. Qe2
Ne7 15. Bf4 Qe6 16. Bxd6 Rxd6 17. f4 Rhd8 18. f5 Qe5 19. Qh5 Qd4+ 20. Kh1 Nxf5
21. exf5 Bg4 22. Re4 Bxh5 23. Rxd4 Rxd4 24. Kg2 f6 25. h3 Bf7 26. g4 Re8 27.
Kf2 b5 28. Ne2 Rd6 29. b4 Kb7 30. a4 a6 31. a5 c5 32. bxc5 Rdd8 33. Nf4 Kc6 34.
Rg1 Rd4 35. Nh5 Bxh5 36. gxh5 Rd7 37. Kf3 Kxc5 38. Be4 c6 {Akib resigns} 0-1

[Event "ICS Rated blitz match"]
[Site "204.178.125.65"]
[Date "2000.11.16"]
[Round "?"]
[White "Hossa"]
[Black "BlondeKramnik"]
[Result "1-0"]
[WhiteElo "2525"]
[BlackElo "2496"]
[PlyCount "73"]
[EventDate "2000.??.??"]

1. e4 e6 2. d4 d5 3. e5 c5 4. c3 Nc6 5. Nf3 Bd7 6. Be2 Nge7 7. O-O Nf5 8. Bd3
Nh4 9. Nxh4 Qxh4 10. Be3 cxd4 11. cxd4 h6 12. Nc3 a6 13. a3 Rc8 14. Rc1 Na5 15.
f4 Nc4 16. Bxc4 Rxc4 17. f5 Be7 18. fxe6 Bxe6 19. Rf4 Qg5 20. Qf3 Qg6 21. Nxd5
Rxc1+ 22. Bxc1 Qc2 23. Qc3 Qxc3 24. Nxc3 O-O 25. d5 Bg5 26. dxe6 Bxf4 27. Bxf4
fxe6 28. Be3 Rf5 29. Bd4 Rf4 30. Ne2 Re4 31. Kf2 g5 32. g3 g4 33. b3 Kf7 34.
Bc3 b5 35. Nf4 Ke7 36. Nh5 a5 37. Nf6 {BlondeKramnik resigns} 1-0

[Event "ICS rated bullet match"]
[Site "204.178.125.65"]
[Date "2000.11.16"]
[Round "?"]
[White "CPUGrandMaster"]
[Black "Hossa"]
[Result "1-0"]
[WhiteElo "2858"]
[BlackElo "2558"]
[PlyCount "125"]
[EventDate "2000.??.??"]

1. d4 Nf6 2. c4 e6 3. Nc3 Bb4 4. Qc2 O-O 5. a3 Bxc3+ 6. Qxc3 b6 7. Bg5 Bb7 8.
f3 h6 9. Bh4 d5 10. e3 Nbd7 11. cxd5 Nxd5 12. Bxd8 Nxc3 13. Bh4 Nd5 14. Bf2 f5
15. Bb5 Rfd8 16. Ne2 c5 17. O-O Nc7 18. Bc4 Ba6 19. Bxa6 Nxa6 20. Bg3 g5 21.
Kf2 Rac8 22. Rfd1 Kf7 23. b4 cxb4 24. axb4 Nxb4 25. Rxa7 Nc6 26. Raa1 Na5 27.
Rdc1 h5 28. Bc7 Nb3 29. Bxd8 Rxd8 30. Ra7 Nxc1 31. Nxc1 Kf6 32. Nd3 e5 33. Rb7
exd4 34. exd4 f4 35. h4 Ke6 36. hxg5 Kf5 37. g6 Nf6 38. g7 Ng8 39. Rf7+ Kg6 40.
Rf8 Rxd4 41. Nxf4+ Kh7 42. Ke3 Rd1 43. Nxh5 Re1+ 44. Kf4 Rd1 45. g4 Rd4+ 46.
Kg3 Rd3 47. g5 Rd1 48. g6+ Kxg6 49. Rxg8 Rd7 50. Rb8 Rxg7 51. Nxg7 b5 52. Rb7
b4 53. f4 Kf6 54. f5 Ke5 55. Rxb4 Kd6 56. f6 Kc5 57. Rf4 Kb5 58. f7 Kb6 59.
f8=Q Kc6 60. Rf5 Kc7 61. Qc5+ Kb8 62. Qe7 Kc8 63. Rf8# {Hossa checkmated} 1-0

[Event "ICS rated blitz match"]
[Site "204.178.125.65"]
[Date "2000.11.16"]
[Round "?"]
[White "Hossa"]
[Black "PostModernist"]
[Result "0-1"]
[WhiteElo "2569"]
[BlackElo "2643"]
[PlyCount "124"]
[EventDate "2000.??.??"]

1. e4 c5 2. c3 d5 3. exd5 Qxd5 4. d4 e6 5. Nf3 Nf6 6. Na3 Qd8 7. Nc4 Nc6 8. Be3
Nd5 9. dxc5 Nxe3 10. Qxd8+ Nxd8 11. fxe3 Bxc5 12. b4 Be7 13. Bd3 f5 14. Nce5
Nf7 15. Bb5+ Kf8 16. Nxf7 Kxf7 17. Rd1 a6 18. Ne5+ Kf6 19. Nd7+ Bxd7 20. Bxd7
a5 21. bxa5 Rxa5 22. a4 Re5 23. Rd3 Bc5 24. Kd2 Bxe3+ 25. Kc2 Bc5 26. Kb3 Re2
27. Kc4 b6 28. g3 Re4+ 29. Kb3 g5 30. Bb5 h5 31. Bc6 Re3 32. Rxe3 Bxe3 33. Rd1
h4 34. Rd3 Bf2 35. Kc4 hxg3 36. hxg3 Rh3 37. Kb5 g4 38. Bg2 Rh5 39. Kc6 f4 40.
gxf4 Rh2 41. Bf1 g3 42. f5 e5 43. Rd6+ Kxf5 44. Rd2 Ke4 45. Re2+ Be3 46. Rxh2
gxh2 47. Bg2+ Kf4 48. Bh1 Bd2 49. Kxb6 e4 50. a5 e3 51. a6 e2 52. c4 e1=Q 53.
Bd5 Be3+ 54. Kb7 Qa5 55. Bh1 Qb6+ 56. Kc8 Qxa6+ 57. Kd7 Qxc4 58. Kd6 Bb6 59.
Kd7 Kf5 60. Ke7 Qe6+ 61. Kf8 Kf6 62. Bf3 Bc5# {Hossa checkmated} 0-1

[Event "ICS rated blitz match"]
[Site "204.178.125.65"]
[Date "2000.11.16"]
[Round "?"]
[White "Amateur"]
[Black "Hossa"]
[Result "1-0"]
[WhiteElo "2566"]
[BlackElo "2556"]
[PlyCount "149"]
[EventDate "2000.??.??"]

1. Nf3 d6 2. d4 g6 3. e4 Bg7 4. Nc3 Nf6 5. Bg5 h6 6. Bxf6 Bxf6 7. e5 Bg7 8. Bc4
O-O 9. Qe2 c6 10. e6 d5 11. exf7+ Rxf7 12. Bd3 Rf6 13. Ne5 Qb6 14. O-O-O Re6
15. Qg4 Na6 16. Bxg6 Rf6 17. Qg3 Rf8 18. Rhe1 Qc7 19. h4 Nb4 20. a3 Na6 21. Bd3
e6 22. Bxa6 bxa6 23. Na4 Rb8 24. Re3 a5 25. Rc3 Bb7 26. Nc5 Rbe8 27. Nxb7 Qxb7
28. Nxc6 Kh7 29. Nxa5 Qf7 30. Rc7 Re7 31. Rxe7 Qxe7 32. Rf1 Rc8 33. Re1 Rf8 34.
Nc6 Qb7 35. Rxe6 Qb5 36. f3 Kh8 37. Nxa7 Qc4 38. c3 Qf1+ 39. Kc2 Rg8 40. Rc6
Qe2+ 41. Kb3 Qf1 42. Ka2 Qd3 43. Qd6 Bf8 44. Qe5+ Kh7 45. Rc7+ Bg7 46. Qxd5 Qa6
47. c4 Qf6 48. Qe4+ Kh8 49. Nb5 h5 50. Re7 Qh6 51. a4 Qd2 52. Qf5 Rd8 53. Qxh5+
Qh6 54. Qxh6+ Bxh6 55. g4 Bg7 56. Re4 Rf8 57. f4 Ra8 58. b3 Rd8 59. g5 Kg8 60.
d5 Rf8 61. h5 Rf7 62. b4 Bf8 63. c5 Rf5 64. d6 Rd5 65. Rd4 Rxd4 66. Nxd4 Kf7
67. d7 Ke7 68. c6 Bg7 69. Nf5+ Kd8 70. Nxg7 Kc7 71. Ne6+ Kxc6 72. d8=Q Kb7 73.
Nc5+ Ka7 74. Qe7+ Kb6 75. Qb7# {Hossa checkmated} 1-0

[Event "ICS rated blitz match"]
[Site "204.178.125.65"]
[Date "2000.11.16"]
[Round "?"]
[White "Hossa"]
[Black "Amateur"]
[Result "1-0"]
[WhiteElo "2540"]
[BlackElo "2582"]
[PlyCount "105"]
[EventDate "2000.??.??"]

1. e4 e5 2. Nf3 Nc6 3. Bb5 a6 4. Ba4 Nf6 5. O-O Be7 6. Re1 b5 7. Bb3 d6 8. c3
O-O 9. h3 Na5 10. Bc2 c5 11. d4 Qc7 12. Na3 Bd7 13. Bd3 exd4 14. cxd4 cxd4 15.
Nxd4 Nc4 16. Nxc4 bxc4 17. Bc2 Rab8 18. Rb1 Qa5 19. Bd2 Qc5 20. Be3 Qa5 21. Bf4
Qxa2 22. Bd2 Rfd8 23. Bc3 Rdc8 24. Ra1 Qxa1 25. Qxa1 Rb6 26. Nf5 Bxf5 27. exf5
Bd8 28. g4 h6 29. Qa3 Rbc6 30. Ba4 Rc5 31. Rd1 d5 32. Bd4 R5c7 33. Qd6 a5 34.
Bxf6 Bxf6 35. Bd7 d4 36. Bxc8 Rxc8 37. Qa6 Rb8 38. Qxc4 Rxb2 39. Qa4 Kh7 40.
Qxa5 Bh4 41. Qa3 Rc2 42. Qb3 Bxf2+ 43. Kf1 Rc3 44. Qxf7 Bh4 45. Rxd4 Rc1+ 46.
Ke2 Re1+ 47. Kd2 Re5 48. Rd7 Rd5+ 49. Qxd5 Kh8 50. Qf7 Bg5+ 51. Kd3 Bf6 52.
Qf8+ Kh7 53. Qxf6 {Amateur resigns} 1-0

[Event "ICS rated blitz match"]
[Site "204.178.125.65"]
[Date "2000.11.16"]
[Round "?"]
[White "Amateur"]
[Black "Hossa"]
[Result "1-0"]
[WhiteElo "2564"]
[BlackElo "2558"]
[PlyCount "181"]
[EventDate "2000.??.??"]

1. d4 Nf6 2. c4 e6 3. Nc3 Bb4 4. f3 d5 5. e3 O-O 6. Bd2 Nc6 7. a3 Be7 8. cxd5
Nxd5 9. Bd3 e5 10. Qc2 exd4 11. Nxd5 Qxd5 12. Bxh7+ Kh8 13. Be4 Qd6 14. Ne2 f5
15. Bd3 Bh4+ 16. g3 Bf6 17. O-O-O dxe3 18. Bxe3 Qe5 19. Bc5 Be7 20. Bxe7 Qxe7
21. f4 Be6 22. Bb5 Qf7 23. Nd4 Nxd4 24. Rxd4 c6 25. Be2 Rae8 26. Re1 Bb3 27.
Qc3 b5 28. Rd6 Bd5 29. Bd3 Rxe1+ 30. Qxe1 Kg8 31. Qe5 a6 32. Kc2 a5 33. Qc3 a4
34. Qe5 Qh5 35. Qe2 Bb3+ 36. Kd2 Qf7 37. Rxc6 Qd7 38. Rc3 Rd8 39. Kc1 Qd5 40.
Qe1 Rb8 41. h3 Rd8 42. h4 Rf8 43. Bc2 Bc4 44. Re3 Qc6 45. Qc3 Qc5 46. Re5 Qb6
47. Bxf5 Qg1+ 48. Re1 Qb6 49. Bd7 Qd6 50. Rd1 Qb6 51. Qd4 Qb7 52. Qd6 Rf6 53.
Qe7 Bf7 54. Kb1 Bg6+ 55. Ka1 Qf3 56. Qe1 Qb3 57. Rc1 Bf7 58. Rc8+ Kh7 59. Qb1+
Bg6 60. f5 Bh5 61. Rc3 Qd5 62. Be6 Qd4 63. Rd3 Qc5 64. Qe1 Qc7 65. Qe3 Bg4 66.
Qg5 Rxe6 67. fxe6 Bxe6 68. Qh5+ Kg8 69. Qe8+ Kh7 70. Qxe6 Qc5 71. Qe4+ Kh6 72.
Rd8 Qc1+ 73. Ka2 Qc4+ 74. Qxc4 bxc4 75. Rc8 c3 76. Rxc3 Kg6 77. Rc4 Kf7 78.
Rxa4 g5 79. Ra7+ Ke6 80. hxg5 Kd5 81. g6 Kd4 82. g7 Ke5 83. g8=Q Ke4 84. Qe6+
Kf3 85. Rf7+ Kg2 86. b4 Kh2 87. a4 Kg2 88. Qe4+ Kh2 89. Rf2+ Kxg3 90. Rg2+ Kh3
91. Qg4# {Hossa checkmated} 1-0

[Event "ICS rated blitz match"]
[Site "204.178.125.65"]
[Date "2000.11.16"]
[Round "?"]
[White "Hossa"]
[Black "Amateur"]
[Result "1-0"]
[WhiteElo "2542"]
[BlackElo "2580"]
[PlyCount "179"]
[EventDate "2000.??.??"]

1. d4 Nf6 2. c4 e6 3. Nc3 Bb4 4. f3 Nc6 5. e4 Bxc3+ 6. bxc3 O-O 7. Bd3 d5 8.
cxd5 exd5 9. e5 Nh5 10. Ne2 Qh4+ 11. Kf1 Rd8 12. Kg1 Ne7 13. g4 Bxg4 14. fxg4
Qxg4+ 15. Kf2 Re8 16. Rb1 Reb8 17. Rf1 Ng6 18. Ke1 Qh3 19. Rf2 Nh4 20. Kd2 Qe6
21. Ng1 g6 22. Kc2 Ng7 23. Ba3 Ngf5 24. Qd2 Ng7 25. Rbf1 Nhf5 26. Ne2 Qc6 27.
Kb1 Qb6+ 28. Ka1 Qa5 29. Bb4 Qb6 30. Qg5 Ne6 31. Qf6 Neg7 32. Rg1 a5 33. Bc5
Qxf6 34. exf6 Re8 35. fxg7 Nxg7 36. Nf4 Re3 37. Ba3 c6 38. Re2 Rf3 39. Bc1 Rb8
40. Kb1 Ne6 41. Nxe6 Rxd3 42. Kc2 Rf3 43. Nf4 b5 44. Rge1 Rf8 45. Bd2 Rb8 46.
Kb2 a4 47. Kb1 Rf8 48. Rg1 a3 49. Kc2 Rc8 50. Kb3 Ra8 51. Kb4 Kh8 52. Kc5 Rc8
53. Kd6 b4 54. cxb4 Kg7 55. Kd7 Rf8 56. Kxc6 Rc8+ 57. Kxd5 f5 58. Ne6+ Kg8 59.
Be3 Rc3 60. Rg3 Rf1 61. Bd2 Rxg3 62. hxg3 Rb1 63. Nd8 h6 64. Re8+ Kg7 65. Ne6+
Kh7 66. Bxh6 g5 67. Bxg5 Rxb4 68. Ra8 Kg6 69. Rxa3 Rb5+ 70. Kc6 Rb4 71. Ra7 Kh5
72. Be7 Rb2 73. d5 Kg4 74. d6 Rc2+ 75. Nc5 Rh2 76. d7 Rh8 77. Ra3 f4 78. gxf4
Rh6+ 79. Kc7 Rh8 80. Ne6 Kf5 81. Nf8 Rh2 82. Ra5+ Kg4 83. d8=Q Rc2+ 84. Kb7
Rb2+ 85. Ka7 Re2 86. Qd1 Kf3 87. Ra3+ Kg4 88. Qxe2+ Kxf4 89. Qc4+ Kf5 90. Ra5#
{Amateur checkmated} 1-0

[Event "ICS rated blitz match"]
[Site "204.178.125.65"]
[Date "2000.11.16"]
[Round "?"]
[White "CosmicJoke"]
[Black "Hossa"]
[Result "1-0"]
[WhiteElo "2757"]
[BlackElo "2560"]
[PlyCount "45"]
[EventDate "2000.??.??"]

1. d4 Nf6 2. Nf3 e6 3. c4 d5 4. Nc3 c6 5. e3 Nbd7 6. Qc2 dxc4 7. Bxc4 Bb4 8.
O-O O-O 9. e4 Nb6 10. Bd3 c5 11. dxc5 Nbd7 12. e5 Ng4 13. Bg5 Qa5 14. Bxh7+ Kh8
15. Ne4 Ngxe5 16. Nxe5 Nxe5 17. Be7 Re8 18. Bd6 Nc4 19. a3 Bd2 20. Qxc4 Bh6 21.
Qc2 Qd8 22. Rfd1 Bd7 23. Be5 {Hossa resigns} 1-0

[Event "ICS rated blitz match"]
[Site "204.178.125.65"]
[Date "2000.11.16"]
[Round "?"]
[White "Mint"]
[Black "Hossa"]
[Result "1/2-1/2"]
[WhiteElo "2202"]
[BlackElo "2552"]
[PlyCount "87"]
[EventDate "2000.??.??"]

1. d4 Nf6 2. c4 e6 3. Nf3 d5 4. e3 dxc4 5. Bxc4 Bd6 6. O-O O-O 7. Nc3 c5 8.
dxc5 Bxc5 9. Bd2 Nc6 10. Rc1 Qe7 11. Qe2 Rd8 12. Rfd1 Bd7 13. Na4 Bd6 14. Nc3
Ne5 15. Nxe5 Bxe5 16. f4 Bd6 17. Nb5 Bc5 18. Ba5 b6 19. Be1 Ne4 20. Nc3 Bc6 21.
Bd3 Nxc3 22. Bxc3 a5 23. b4 axb4 24. Bxb4 Bxb4 25. Rxc6 Bc5 26. Qf2 Rd5 27. Qc2
f5 28. Bc4 Bxe3+ 29. Kh1 Rxd1+ 30. Qxd1 Kh8 31. Rxe6 Qd8 32. Qxd8+ Rxd8 33. g3
Bc5 34. Re5 g6 35. Rd5 Rxd5 36. Bxd5 Kg7 37. a4 Kf6 38. Bc6 Ke6 39. Bb7 Bd4 40.
Bf3 Kd6 41. Bb7 Kc5 42. Bf3 Kb4 43. Bc6 Kb3 44. Bb5 {
Game drawn by mutual agreement} 1/2-1/2

[Event "ICS rated blitz match"]
[Site "204.178.125.65"]
[Date "2000.11.16"]
[Round "?"]
[White "Hossa"]
[Black "Mint"]
[Result "1-0"]
[WhiteElo "2540"]
[BlackElo "2214"]
[PlyCount "114"]
[EventDate "2000.??.??"]

1. d4 Nf6 2. c4 g6 3. Nc3 d5 4. cxd5 Nxd5 5. e4 Nxc3 6. bxc3 e5 7. dxe5 Qxd1+
8. Kxd1 Nd7 9. Bf4 Bc5 10. Ke1 O-O 11. Rd1 c6 12. Bh6 Re8 13. Nf3 Bb6 14. e6
Rxe6 15. Ng5 Re7 16. h3 Ba5 17. Kd2 Nc5 18. Bd3 Rd7 19. Kc2 Nxd3 20. Rxd3 Rxd3
21. Kxd3 f6 22. Nf3 Be6 23. Nd4 Rd8 24. Kc2 Bc4 25. Kb2 c5 26. Nb3 Bb6 27. Re1
Rd7 28. Be3 Rc7 29. Bf4 Re7 30. f3 Bc7 31. Bxc7 Rxc7 32. Rd1 b5 33. Na5 Bf7 34.
Rd6 Kg7 35. f4 Re7 36. e5 Re6 37. Nb7 fxe5 38. Rxe6 Bxe6 39. fxe5 c4 40. Nd6
Bd7 41. g4 h5 42. gxh5 gxh5 43. h4 a6 44. Ka3 a5 45. e6 b4+ 46. cxb4 axb4+ 47.
Kxb4 Bxe6 48. a4 Bd5 49. Nxc4 Bb7 50. Kb5 Bf3 51. a5 Bg2 52. a6 Bh1 53. Na5 Be4
54. Kb6 Bf3 55. Nc6 Be4 56. a7 Bf5 57. a8=Q Be6 {Mint resigns} 1-0

[Event "ICS rated blitz match"]
[Site "204.178.125.65"]
[Date "2000.11.16"]
[Round "?"]
[White "QueenMaxima"]
[Black "Hossa"]
[Result "1-0"]
[WhiteElo "2507"]
[BlackElo "2544"]
[PlyCount "93"]
[EventDate "2000.??.??"]

1. e4 e5 2. Ne2 Nf6 3. f4 exf4 4. d3 d5 5. exd5 f3 6. gxf3 Nxd5 7. Nbc3 Qh4+ 8.
Kd2 Nxc3 9. bxc3 Be7 10. Qe1 Qf6 11. f4 O-O 12. Rg1 Re8 13. Qg3 Bc5 14. d4 Bf8
15. a4 Bf5 16. Rb1 b6 17. Qg5 Qe6 18. Rb5 c5 19. Qh5 g6 20. Qf3 Be4 21. Qf2 Qa2
22. Rb2 Qxa4 23. Ng3 cxd4 24. cxd4 Bc6 25. c3 Ba3 26. Ra2 Bxc1+ 27. Kxc1 Qb3
28. Qc2 Qe6 29. Qe2 Qc8 30. Qd2 Bf3 31. Bg2 Bxg2 32. Rxg2 Qc4 33. Ra3 b5 34.
Re2 Rd8 35. Qa2 Qc7 36. Kb1 Nc6 37. Ra6 Rdc8 38. Qd5 b4 39. c4 Rab8 40. Ne4 b3
41. Nf6+ Kg7 42. Qg5 Nb4 43. Nh5+ Kg8 44. Qf6 gxh5 45. Rg2+ Kf8 46. Re6 Qxc4
47. Qh6# {Hossa checkmated} 1-0

[Event "ICS rated blitz match"]
[Site "204.178.125.65"]
[Date "2000.11.16"]
[Round "?"]
[White "Hossa"]
[Black "Mint"]
[Result "1-0"]
[WhiteElo "2526"]
[BlackElo "2215"]
[PlyCount "83"]
[EventDate "2000.??.??"]

1. Nf3 d5 2. g3 g6 3. c4 dxc4 4. Na3 Nc6 5. Nxc4 b5 6. Na3 b4 7. Nc4 Bb7 8. Qa4
Qd7 9. Bg2 Rd8 10. O-O Nd4 11. Qxb4 Nxe2+ 12. Kh1 Bxf3 13. Bxf3 e6 14. Qa5 Nxc1
15. Ne5 Qxd2 16. Bc6+ Ke7 17. Qxc7+ Kf6 18. Nxf7 Be7 19. Nxh8 Nd3 20. Qxa7 Nxb2
21. Qc7 Nh6 22. Rae1 Nd3 23. Re3 Nf5 24. Kg1 Rxh8 25. Qd7 Rd8 26. Rxe6+ Kg5 27.
Qc7 Rd6 28. Rxe7 Rxc6 29. h4+ Kg4 30. Re4+ Kh5 31. g4+ Kxh4 32. gxf5+ Kh5 33.
Qh2+ Kg5 34. f4+ Kxf5 35. Re5+ Nxe5 36. fxe5+ Ke4 37. Qxd2 Kxe5 38. Re1+ Kf5
39. Qf2+ Kg4 40. Re4+ Kg5 41. Qh4+ Kf5 42. Qf4# {Mint checkmated} 1-0

[Event "ICS rated standard match"]
[Site "204.178.125.65"]
[Date "2000.11.16"]
[Round "?"]
[White "Hossa"]
[Black "Mint"]
[Result "1-0"]
[WhiteElo "2248"]
[BlackElo "2600"]
[PlyCount "99"]
[EventDate "2000.??.??"]

1. d4 Nf6 2. Nf3 g6 3. Bg5 d5 4. e3 e6 5. Bd3 Bd6 6. Nc3 O-O 7. Nb5 Be7 8. Bf4
Na6 9. O-O c6 10. Nc3 Bd6 11. Bxa6 Bxf4 12. exf4 bxa6 13. Ne5 Qc7 14. Qd2 Rb8
15. b3 c5 16. dxc5 Qxc5 17. Rfd1 Bb7 18. Na4 Qc7 19. Qd3 Rfc8 20. Rac1 Ne4 21.
Qh3 Qe7 22. Ng4 a5 23. Qe3 Bc6 24. Nc3 Rb4 25. Nxe4 Rxe4 26. Qc3 d4 27. Rxd4
Rxd4 28. Qxd4 Qh4 29. Nf6+ Kf8 30. Nd5 Bxd5 31. Qh8+ Ke7 32. Qxc8 Qxf4 33. Rd1
Qe4 34. Qc5+ Kf6 35. f3 Qe2 36. Qd4+ Qe5 37. Qxa7 Bc6 38. c4 h6 39. Qb6 Qe2 40.
Rf1 Qxa2 41. Qxc6 Qxb3 42. Ra1 Qb2 43. Rd1 Qe2 44. Qd6 Qe3+ 45. Kh1 Qb3 46.
Qd4+ e5 47. Qd6+ Kg7 48. Qxe5+ Kh7 49. Rc1 Qa3 50. Qc3 {Mint resigns} 1-0

[Event "ICS rated blitz match"]
[Site "204.178.125.65"]
[Date "2000.11.16"]
[Round "?"]
[White "Hossa"]
[Black "LeTiger"]
[Result "0-1"]
[WhiteElo "2531"]
[BlackElo "2846"]
[PlyCount "234"]
[EventDate "2000.??.??"]

1. d4 c6 2. c4 d5 3. cxd5 cxd5 4. Nf3 Nf6 5. Nc3 Nc6 6. Bf4 Bf5 7. e3 e6 8. Be2
Qb6 9. Qd2 Ne4 10. Qc1 Nxc3 11. bxc3 Be7 12. O-O O-O 13. Qd2 Rac8 14. Bd3 Bxd3
15. Qxd3 Na5 16. Rab1 Qc6 17. Rfc1 Nc4 18. Ne5 Qa6 19. Nxc4 Rxc4 20. e4 dxe4
21. Qxe4 b6 22. Rc2 Rfc8 23. Bd2 Ra4 24. Ra1 Qc4 25. Qb7 Bf6 26. Rb2 Rd8 27. a3
e5 28. dxe5 Bxe5 29. Qe7 Bf6 30. Qe3 Qd3 31. Qxd3 Rxd3 32. Rc2 Kf8 33. Kf1 Re4
34. f3 Re7 35. h3 Red7 36. Ke2 Ke8 37. a4 R3d5 38. Rb1 Ra5 39. Rb4 Re5+ 40. Kf1
Re6 41. Rc4 Kd8 42. Rb2 Rd3 43. a5 b5 44. Rcb4 a6 45. Rc2 h6 46. c4 Rc6 47. Ke2
Ra3 48. c5 Rxa5 49. Re4 Ra3 50. Bf4 Bc3 51. Bd6 a5 52. Re7 f5 53. Rf7 g6 54.
Rh7 h5 55. Rh6 a4 56. Rxg6 b4 57. Rg5 Ra1 58. Rxf5 a3 59. Ke3 a2 60. Kf4 b3 61.
Rxc3 Rxd6 62. cxd6 Re1 63. Rf8+ Re8 64. Rxe8+ Kxe8 65. Rc8+ Kd7 66. Ra8 b2 67.
Rxa2 b1=Q 68. Rd2 h4 69. g4 hxg3 70. Kxg3 Qe1+ 71. Rf2 Qe3 72. h4 Kxd6 73. Rf1
Ke5 74. Rh1 Kf5 75. h5 Qg5+ 76. Kf2 Kf4 77. Rh3 Qc5+ 78. Kg2 Qc2+ 79. Kf1 Qd3+
80. Kg2 Qd2+ 81. Kf1 Ke3 82. Kg1 Qf2+ 83. Kh1 Qf1+ 84. Kh2 Kf2 85. Rg3 Qb5 86.
Rg2+ Kxf3 87. Rg3+ Kf4 88. h6 Qe2+ 89. Rg2 Qh5+ 90. Kg1 Qxh6 91. Re2 Kf3 92.
Rf2+ Ke3 93. Rb2 Qg7+ 94. Rg2 Qa1+ 95. Kh2 Qe5+ 96. Kg1 Qd4 97. Rf2 Qd1+ 98.
Rf1 Qd5 99. Rf2 Qd4 100. Rg2 Ke4+ 101. Rf2 Qd1+ 102. Kh2 Ke3 103. Rg2 Qh5+ 104.
Kg3 Qh1 105. Ra2 Qf3+ 106. Kh4 Qf6+ 107. Kg3 Qg6+ 108. Kh4 Qh7+ 109. Kg4 Qg8+
110. Kf5 Qxa2 111. Ke5 Qa5+ 112. Kf6 Kf4 113. Kg6 Qb6+ 114. Kh7 Kf5 115. Kg7
Qc7+ 116. Kh6 Qb7 117. Kh5 Qh1# {Hossa checkmated} 0-1